Kto Strzelił Wtedy Bramkę [Liga Mistrzów] - Statystyki

Ogólne statystyki
  • Ten quiz został rozwiązany 1 483 razy
  • Średni wynik to 7 z 15
Statystyki odpowiedzi
Rozgrywki \ Rok\ drużyny\ wynik \ faza Strzelec % Poprawnych
LM\2016\Legia Warszawa 3-3 Real Madryt\Faza Grupowa\0:1 Bale
87%
LM\2005\AC Milan 3-3 Liverpool\Finał\3:1 Gerrard
82%
LM\2016\Legia Warszawa 3-3 Real Madryt\Faza Grupowa\0:2 Benzema
72%
LM\2005\AC Milan 3-3 Liverpool\Finał\1:0 Maldini
62%
LM\2005\AC Milan 3-3 Liverpool\Finał\3:3 Alonso
60%
LM\2016\Legia Warszawa 3-3 Real Madryt\Faza Grupowa\2:2 Radović
58%
LM\2005\AC Milan 3-3 Liverpool\Finał\2:0 Crespo
54%
LM\2005\AC Milan 3-3 Liverpool\Finał\3:0 Crespo
54%
LM\2016\Legia Warszawa 3-3 Real Madryt\Faza Grupowa\3:2 Moulin
50%
LM\2016\Legia Warszawa 3-3 Real Madryt\Faza Grupowa\3:3 Kovacić
45%
LM\2004\AS Monaco 0-3 FC Porto\Finał\0:2 Deco
31%
LM\2005\AC Milan 3-3 Liverpool\Finał\3:2 Smicer
31%
LM\2016\Legia Warszawa 3-3 Real Madryt\Faza Grupowa\1:2 Odjidja Ofoe
29%
LM\2004\AS Monaco 0-3 FC Porto\Finał\0:1 Alberto
5%
LM\2004\AS Monaco 0-3 FC Porto\Finał\0:3 Alenichev
3%
Nie znaleziono quizów pasujących do podanych kryteriów
Rozkład punktacji
Procent ludzi z każdym wynikiem
Percentyl według liczby udzielonych odpowiedzi
Twoja historia wyników
Nie rozwiązałeś tego quizu